| 000 | 01284nam a2200313Ia 4500 | ||
|---|---|---|---|
| 999 |
_c5533 _d5533 |
||
| 003 | OSt | ||
| 005 | 20200623151928.0 | ||
| 008 | 191128s1982 sp ad gr 001 0dspa d | ||
| 020 | _a8485855124 | ||
| 040 |
_aCO-JMCR _cCO-JMCR |
||
| 041 | 1 |
_aspa _heng |
|
| 082 | 0 | 4 |
_a330.154 / _bH342i _223 |
| 100 | 1 |
_aHildenbrand, W., _eautor _96010 |
|
| 245 | 1 | 0 |
_aIntroducción al análisis del equilibrio / _cW. Hildenbrand y A. P. Kirman ; traducción de Teodoro Millán |
| 260 |
_aBarcelona : _bAntoni Bosch editor, _c1982. |
||
| 300 |
_a247 páginas : _bgráficos a blanco y negro ; _c22 cm. |
||
| 490 | 0 |
_aEconomía ; _v16 |
|
| 500 | _aIncluye índice de autores, materias y apéndices. | ||
| 504 | _aBibliografía: páginas 237-239. | ||
| 505 | 0 | _aUn resumen introductorio -- Economías de intercambio -- El núcleo de un juego -- Economías grandes -- Teoremas del límite acerca del núcleo -- Existencia de equilibrios competitivos | |
| 534 | _pIntroduction to equilibrium analysis | ||
| 546 | _aTraducido del inglés | ||
| 650 | 1 | 4 |
_aEquilibrio _x(Economía) _96011 |
| 650 | 2 | 4 |
_aEscuela austríaca de economía _96012 |
| 650 | 2 | 4 |
_aTeoría económica _96013 |
| 700 | 1 |
_aKirman, A. P., _eautor _96014 |
|
| 700 | 1 |
_aMillán, Teodoro, _etraductor _96015 |
|
| 942 |
_2ddc _cBK |
||